[Event "Team Championship (men blitz)"]
[Site "Sochi"]
[Date "2017.10.05"]
[Round "2.19"]
[White "Gubsky, Egor"]
[Black "Iljiushenok, Ilia"]
[Result "0-1"]
[LiveChessVersion "1.4.8"]
[BlackElo "2409"]
[WhiteElo "2369"]

1. d4 {[%clk 0:03:02]} Nf6 {[%clk 0:03:03]} 2. c4 {[%clk 0:03:03]} g6
{[%clk 0:03:04]} 3. Nc3 {[%clk 0:03:04]} Bg7 {[%clk 0:03:05]} 4. e4
{[%clk 0:03:05]} d6 {[%clk 0:03:06]} 5. Nf3 {[%clk 0:03:05]} O-O {[%clk 0:03:06]}
6. Be2 {[%clk 0:03:06]} e5 {[%clk 0:03:07]} 7. O-O {[%clk 0:03:07]} Nc6
{[%clk 0:03:09]} 8. d5 {[%clk 0:03:08]} Ne7 {[%clk 0:03:10]} 9. Ne1
{[%clk 0:03:09]} Nd7 {[%clk 0:03:10]} 10. Be3 {[%clk 0:03:10]} f5
{[%clk 0:03:11]} 11. f3 {[%clk 0:03:12]} f4 {[%clk 0:03:12]} 12. Bf2
{[%clk 0:03:13]} g5 {[%clk 0:03:13]} 13. a4 {[%clk 0:03:15]} Ng6 {[%clk 0:03:08]}
14. a5 {[%clk 0:03:15]} Rf7 {[%clk 0:03:06]} 15. Nb5 {[%clk 0:03:16]} Nf6
{[%clk 0:02:59]} 16. Nxa7 {[%clk 0:03:12]} Bd7 {[%clk 0:03:00]} 17. c5
{[%clk 0:03:12]} g4 {[%clk 0:02:36]} 18. cxd6 {[%clk 0:02:55]} cxd6
{[%clk 0:02:37]} 19. Bb6 {[%clk 0:02:55]} Qe8 {[%clk 0:01:45]} 20. Qb3
{[%clk 0:02:55]} Nh4 {[%clk 0:01:38]} 21. Bb5 {[%clk 0:02:53]} Bf8
{[%clk 0:01:35]} 22. Bxd7 {[%clk 0:02:33]} Rxd7 {[%clk 0:01:29]} 23. Nb5
{[%clk 0:02:13]} Rc8 {[%clk 0:01:30]} 24. Bf2 {[%clk 0:02:07]} Qh5
{[%clk 0:01:06]} 25. Bxh4 {[%clk 0:02:04]} Qxh4 {[%clk 0:01:08]} 26. Nd3
{[%clk 0:02:00]} gxf3 {[%clk 0:00:59]} 27. Rxf3 {[%clk 0:01:42]} Rg7
{[%clk 0:00:58]} 28. Re1 {[%clk 0:00:55]} Be7 {[%clk 0:00:39]} 29. Nc3
{[%clk 0:00:52]} Kh8 {[%clk 0:00:38]} 30. Re2 {[%clk 0:00:47]} Rcg8
{[%clk 0:00:39]} 31. Ne1 {[%clk 0:00:46]} Ng4 {[%clk 0:00:32]} 32. Rh3
{[%clk 0:00:45]} Qxh3 {[%clk 0:00:24]} 33. gxh3 {[%clk 0:00:46]} Ne3+
{[%clk 0:00:25]} 34. Ng2 {[%clk 0:00:42]} Nxg2 {[%clk 0:00:20]} 35. Kf2
{[%clk 0:00:37]} Bh4+ {[%clk 0:00:20]} 36. Kf1 {[%clk 0:00:22]} f3
{[%clk 0:00:17]} 37. Rf2 {[%clk 0:00:16]} Nf4 {[%clk 0:00:11]} 38. Ke1
{[%clk 0:00:12]} Rg1+ {[%clk 0:00:12]} 39. Kd2 {[%clk 0:00:13]} Bxf2
{[%clk 0:00:13]} 40. Qxb7 {[%clk 0:00:12]} Bd4 {[%clk 0:00:14]} 41. Kc2
{[%clk 0:00:08]} f2 {[%clk 0:00:15]} 0-1

[Event "Team Championship (men blitz)"]
[Site "Sochi"]
[Date "2017.10.05"]
[Round "2.20"]
[White "Kabanov, Nikolai"]
[Black "Bublei, Pavel"]
[Result "1-0"]
[LiveChessVersion "1.4.8"]
[BlackElo "2243"]
[WhiteElo "2380"]

1. Nc3 {[%clk 0:03:02]} d5 {[%clk 0:03:02]} 2. Nf3 {[%clk 0:03:03]} Nf6
{[%clk 0:03:02]} 3. d4 {[%clk 0:02:57]} c5 {[%clk 0:02:59]} 4. Bg5
{[%clk 0:02:54]} Nc6 {[%clk 0:02:58]} 5. e3 {[%clk 0:02:54]} h6 {[%clk 0:02:53]}
6. Bh4 {[%clk 0:02:51]} Ne4 {[%clk 0:02:29]} 7. Bd3 {[%clk 0:02:20]} Bf5
{[%clk 0:02:01]} 8. O-O {[%clk 0:02:02]} g5 {[%clk 0:01:59]} 9. Bg3
{[%clk 0:02:02]} Bg7 {[%clk 0:02:00]} 10. dxc5 {[%clk 0:01:45]} Nxc3
{[%clk 0:01:40]} 11. bxc3 {[%clk 0:01:45]} Be4 {[%clk 0:01:32]} 12. Rb1
{[%clk 0:01:32]} Qc8 {[%clk 0:01:23]} 13. Nd4 {[%clk 0:01:28]} O-O
{[%clk 0:01:12]} 14. f3 {[%clk 0:01:13]} Bh7 {[%clk 0:00:46]} 15. Bxh7+
{[%clk 0:01:05]} Kxh7 {[%clk 0:00:47]} 16. Qd3+ {[%clk 0:01:00]} Kg8
{[%clk 0:00:48]} 17. Qb5 {[%clk 0:00:55]} e5 {[%clk 0:00:39]} 18. Ne2
{[%clk 0:00:41]} Rb8 {[%clk 0:00:39]} 19. Rfd1 {[%clk 0:00:39]} Rd8
{[%clk 0:00:38]} 20. c4 {[%clk 0:00:38]} a6 {[%clk 0:00:35]} 21. Qa4
{[%clk 0:00:37]} dxc4 {[%clk 0:00:32]} 22. Qxc4 {[%clk 0:00:35]} Na5
{[%clk 0:00:24]} 23. Qc3 {[%clk 0:00:30]} Nc6 {[%clk 0:00:19]} 24. Qa3
{[%clk 0:00:13]} Qc7 {[%clk 0:00:19]} 25. Nc3 {[%clk 0:00:14]} Rxd1+
{[%clk 0:00:19]} 26. Rxd1 {[%clk 0:00:15]} Qe7 {[%clk 0:00:16]} 27. Nd5
{[%clk 0:00:16]} Qe6 {[%clk 0:00:16]} 28. e4 {[%clk 0:00:16]} g4 {[%clk 0:00:16]}
29. fxg4 {[%clk 0:00:13]} Qxg4 {[%clk 0:00:17]} 30. Qf3 {[%clk 0:00:13]} Qxf3
{[%clk 0:00:15]} 31. gxf3 {[%clk 0:00:14]} Nd4 {[%clk 0:00:16]} 32. Rxd4
{[%clk 0:00:14]} 1-0

[Event "Team Championship (men blitz)"]
[Site "Sochi"]
[Date "2017.10.05"]
[Round "2.21"]
[White "Grachev, Boris"]
[Black "Goryachkina, Aleksandra"]
[Result "1-0"]
[LiveChessVersion "1.4.8"]
[BlackElo "2401"]
[WhiteElo "2625"]

1. d4 {[%clk 0:03:03]} d5 {[%clk 0:03:03]} 2. Bf4 {[%clk 0:03:04]} Nf6
{[%clk 0:03:03]} 3. e3 {[%clk 0:03:05]} c5 {[%clk 0:03:04]} 4. c3
{[%clk 0:03:04]} e6 {[%clk 0:03:04]} 5. Nd2 {[%clk 0:03:04]} Nc6 {[%clk 0:03:05]}
6. Ngf3 {[%clk 0:03:05]} Bd6 {[%clk 0:03:06]} 7. Bg3 {[%clk 0:03:06]} O-O
{[%clk 0:03:07]} 8. Bb5 {[%clk 0:03:06]} Be7 {[%clk 0:03:08]} 9. Bd3
{[%clk 0:02:58]} Nh5 {[%clk 0:03:08]} 10. Ne5 {[%clk 0:02:53]} Nxg3
{[%clk 0:02:56]} 11. Bxh7+ {[%clk 0:02:48]} Kh8 {[%clk 0:02:20]} 12. hxg3
{[%clk 0:02:48]} Nxe5 {[%clk 0:01:44]} 13. Bc2+ {[%clk 0:02:46]} Kg8
{[%clk 0:01:45]} 14. Rh8+ {[%clk 0:02:46]} 1-0

[Event "Team Championship (men blitz)"]
[Site "Sochi"]
[Date "2017.10.05"]
[Round "2.22"]
[White "Potapov, Pavel"]
[Black "Potkin, Vladimir"]
[Result "1/2-1/2"]
[LiveChessVersion "1.4.8"]
[BlackElo "2497"]
[WhiteElo "2451"]

1. e4 {[%clk 0:03:02]} e6 {[%clk 0:03:03]} 2. Nf3 {[%clk 0:03:02]} d5
{[%clk 0:03:04]} 3. Nc3 {[%clk 0:03:03]} Nf6 {[%clk 0:03:05]} 4. e5
{[%clk 0:03:03]} Nfd7 {[%clk 0:03:06]} 5. d4 {[%clk 0:03:04]} c5 {[%clk 0:03:07]}
6. dxc5 {[%clk 0:03:04]} Nc6 {[%clk 0:03:07]} 7. Bf4 {[%clk 0:03:04]} Nxc5
{[%clk 0:03:03]} 8. Qd2 {[%clk 0:02:58]} Be7 {[%clk 0:03:04]} 9. h4
{[%clk 0:02:56]} Bd7 {[%clk 0:03:03]} 10. O-O-O {[%clk 0:02:51]} Rc8
{[%clk 0:02:55]} 11. Kb1 {[%clk 0:02:51]} O-O {[%clk 0:02:45]} 12. h5
{[%clk 0:02:50]} f5 {[%clk 0:02:04]} 13. exf6 {[%clk 0:02:09]} Bxf6
{[%clk 0:02:04]} 14. Bg5 {[%clk 0:01:54]} h6 {[%clk 0:01:52]} 15. Be3
{[%clk 0:01:28]} Qa5 {[%clk 0:01:37]} 16. Nxd5 {[%clk 0:00:44]} exd5
{[%clk 0:01:33]} 17. Qxa5 {[%clk 0:00:42]} Nxa5 {[%clk 0:01:34]} 18. Rxd5
{[%clk 0:00:43]} Na4 {[%clk 0:00:35]} 19. Rxa5 {[%clk 0:00:31]} Nxb2
{[%clk 0:00:35]} 20. Bd4 {[%clk 0:00:26]} Bxd4 {[%clk 0:00:27]} 21. Nxd4
{[%clk 0:00:27]} Nc4 {[%clk 0:00:26]} 22. Bxc4+ {[%clk 0:00:24]} Rxc4
{[%clk 0:00:27]} 23. Nf3 {[%clk 0:00:23]} Bg4 {[%clk 0:00:26]} 24. Rxa7
{[%clk 0:00:20]} Bxf3 {[%clk 0:00:21]} 25. gxf3 {[%clk 0:00:21]} Rb4+
{[%clk 0:00:23]} 26. Kc1 {[%clk 0:00:15]} Rxf3 {[%clk 0:00:24]} 27. Rh2
{[%clk 0:00:12]} Rf5 {[%clk 0:00:23]} 28. Ra8+ {[%clk 0:00:11]} Kf7
{[%clk 0:00:24]} 29. Rc8 {[%clk 0:00:10]} Ke6 {[%clk 0:00:15]} 30. Rc7
{[%clk 0:00:09]} Rg5 {[%clk 0:00:17]} 31. Rh3 {[%clk 0:00:07]} b5
{[%clk 0:00:15]} 32. Re3+ {[%clk 0:00:08]} Kd6 {[%clk 0:00:16]} 33. Ree7
{[%clk 0:00:08]} Rxh5 {[%clk 0:00:15]} 34. Rxg7 {[%clk 0:00:08]} Rf5
{[%clk 0:00:16]} 35. Rgd7+ {[%clk 0:00:07]} Ke6 {[%clk 0:00:17]} 36. Re7+
{[%clk 0:00:08]} Kd6 {[%clk 0:00:18]} 37. Red7+ {[%clk 0:00:07]} Ke6
{[%clk 0:00:20]} 38. Re7+ {[%clk 0:00:08]} Ke5 1/2-1/2

[Event "Team Championship (men blitz)"]
[Site "Sochi"]
[Date "2017.10.05"]
[Round "2.23"]
[White "Popov, Ivan"]
[Black "Belyakov, Bogdan"]
[Result "1-0"]
[LiveChessVersion "1.4.8"]
[BlackElo "2477"]
[WhiteElo "2607"]

1. e4 {[%clk 0:03:03]} d6 {[%clk 0:03:04]} 2. d4 {[%clk 0:03:04]} Nf6
{[%clk 0:03:05]} 3. Nc3 {[%clk 0:03:05]} e5 {[%clk 0:03:06]} 4. Nf3
{[%clk 0:03:06]} Nbd7 {[%clk 0:03:07]} 5. Bc4 {[%clk 0:03:07]} Be7
{[%clk 0:03:07]} 6. O-O {[%clk 0:03:08]} O-O {[%clk 0:03:05]} 7. Re1
{[%clk 0:03:08]} c6 {[%clk 0:03:00]} 8. a4 {[%clk 0:03:09]} a5 {[%clk 0:02:59]}
9. h3 {[%clk 0:02:56]} h6 {[%clk 0:02:57]} 10. Ba2 {[%clk 0:02:50]} Re8
{[%clk 0:02:54]} 11. Be3 {[%clk 0:02:44]} Bf8 {[%clk 0:02:54]} 12. d5
{[%clk 0:02:18]} Qc7 {[%clk 0:02:29]} 13. Nd2 {[%clk 0:02:15]} Nc5
{[%clk 0:02:24]} 14. f3 {[%clk 0:01:53]} cxd5 {[%clk 0:02:22]} 15. Nxd5
{[%clk 0:01:52]} Nxd5 {[%clk 0:02:23]} 16. Bxd5 {[%clk 0:01:53]} Be6
{[%clk 0:02:23]} 17. Nc4 {[%clk 0:01:46]} Rac8 {[%clk 0:02:15]} 18. b3
{[%clk 0:01:46]} Be7 {[%clk 0:01:59]} 19. Qd2 {[%clk 0:01:45]} Bh4
{[%clk 0:01:59]} 20. Red1 {[%clk 0:01:43]} Be7 {[%clk 0:01:37]} 21. Qxa5
{[%clk 0:01:40]} Qd7 {[%clk 0:01:22]} 22. Qd2 {[%clk 0:01:27]} Qc7
{[%clk 0:01:12]} 23. Na3 {[%clk 0:01:22]} Bxd5 {[%clk 0:01:07]} 24. Qxd5
{[%clk 0:01:22]} Ne6 {[%clk 0:01:08]} 25. Nc4 {[%clk 0:01:16]} Bg5
{[%clk 0:00:58]} 26. Bxg5 {[%clk 0:01:10]} hxg5 {[%clk 0:00:59]} 27. Qxd6
{[%clk 0:01:10]} Nd4 {[%clk 0:01:00]} 28. Qxc7 {[%clk 0:01:03]} Rxc7
{[%clk 0:01:01]} 29. Rd2 {[%clk 0:01:01]} f6 {[%clk 0:01:01]} 30. Rad1
{[%clk 0:01:00]} Rb8 {[%clk 0:00:55]} 31. Kf2 {[%clk 0:00:56]} b5
{[%clk 0:00:56]} 32. axb5 {[%clk 0:00:57]} Rxb5 {[%clk 0:00:57]} 33. Ra1
{[%clk 0:00:51]} Kh7 {[%clk 0:00:54]} 34. Ke1 {[%clk 0:00:44]} Kg6
{[%clk 0:00:52]} 35. Kd1 {[%clk 0:00:44]} Kh5 {[%clk 0:00:52]} 36. Ne3
{[%clk 0:00:42]} Kh4 {[%clk 0:00:45]} 37. Nf5+ {[%clk 0:00:18]} Nxf5
{[%clk 0:00:46]} 38. exf5 {[%clk 0:00:19]} Kg3 {[%clk 0:00:47]} 39. Ra4
{[%clk 0:00:20]} Rbb7 {[%clk 0:00:31]} 40. h4 {[%clk 0:00:20]} gxh4
{[%clk 0:00:19]} 41. Rg4+ {[%clk 0:00:21]} Kh2 42. Rxh4+ {[%clk 0:00:22]} Kg1
{[%clk 0:00:22]} 43. g4 {[%clk 0:00:13]} Ra7 {[%clk 0:00:17]} 44. Rh7
{[%clk 0:00:09]} Ra1+ 45. Ke2 Rf1 {[%clk 0:00:15]} 46. Rh1+ {[%clk 0:00:09]} Kxh1
{[%clk 0:00:15]} 47. Kxf1 {[%clk 0:00:10]} Ra7 {[%clk 0:00:16]} 48. Kf2
{[%clk 0:00:10]} Kh2 {[%clk 0:00:16]} 49. Rd8 {[%clk 0:00:09]} 1-0

[Event "Team Championship (men blitz)"]
[Site "Sochi"]
[Date "2017.10.05"]
[Round "2.24"]
[White "Savitskiy, Sergey"]
[Black "Kobalia, Mikhail"]
[Result "1/2-1/2"]
[LiveChessVersion "1.4.8"]
[BlackElo "2568"]
[WhiteElo "2327"]

1. e4 {[%clk 0:03:03]} e5 {[%clk 0:03:02]} 2. Nf3 {[%clk 0:03:04]} Nc6
{[%clk 0:03:04]} 3. Bc4 {[%clk 0:03:05]} Bc5 {[%clk 0:03:04]} 4. O-O
{[%clk 0:03:05]} Nf6 {[%clk 0:03:06]} 5. d3 {[%clk 0:03:06]} d6 {[%clk 0:03:04]}
6. c3 {[%clk 0:03:07]} a6 {[%clk 0:03:04]} 7. Bb3 {[%clk 0:03:09]} O-O
{[%clk 0:03:01]} 8. Nbd2 {[%clk 0:03:08]} Ba7 {[%clk 0:02:58]} 9. h3
{[%clk 0:02:52]} Be6 {[%clk 0:02:44]} 10. Bc2 {[%clk 0:02:20]} h6
{[%clk 0:02:12]} 11. Re1 {[%clk 0:02:19]} Ne7 {[%clk 0:02:11]} 12. Nf1
{[%clk 0:02:12]} Ng6 {[%clk 0:02:12]} 13. d4 {[%clk 0:02:07]} c6 {[%clk 0:02:08]}
14. Be3 {[%clk 0:01:54]} Qc7 {[%clk 0:02:08]} 15. a4 {[%clk 0:01:49]} Rfe8
{[%clk 0:02:07]} 16. a5 {[%clk 0:01:45]} exd4 {[%clk 0:01:48]} 17. Bxd4
{[%clk 0:01:44]} Bxd4 {[%clk 0:01:46]} 18. Nxd4 {[%clk 0:01:41]} Bd7
{[%clk 0:01:43]} 19. Ng3 {[%clk 0:01:39]} Re5 {[%clk 0:01:41]} 20. b4
{[%clk 0:01:27]} d5 {[%clk 0:01:38]} 21. exd5 {[%clk 0:01:14]} Nxd5
{[%clk 0:01:39]} 22. Bxg6 {[%clk 0:01:04]} fxg6 {[%clk 0:01:39]} 23. Qc2
{[%clk 0:00:57]} Kh7 {[%clk 0:01:39]} 24. Nf3 {[%clk 0:00:55]} Rxe1+
{[%clk 0:01:28]} 25. Rxe1 {[%clk 0:00:56]} Re8 {[%clk 0:01:12]} 26. Rxe8
{[%clk 0:00:30]} Bxe8 {[%clk 0:01:13]} 27. Qd2 {[%clk 0:00:32]} Qe7
{[%clk 0:01:05]} 28. h4 {[%clk 0:00:29]} Bf7 {[%clk 0:01:01]} 29. Qd4
{[%clk 0:00:28]} Qf6 {[%clk 0:00:52]} 30. Ne4 {[%clk 0:00:14]} Qf4
{[%clk 0:00:41]} 31. Nc5 {[%clk 0:00:12]} Qc1+ {[%clk 0:00:40]} 32. Kh2
{[%clk 0:00:13]} Nxc3 {[%clk 0:00:37]} 33. Nxb7 {[%clk 0:00:10]} Bd5
{[%clk 0:00:39]} 34. Nd6 {[%clk 0:00:07]} Bxf3 {[%clk 0:00:23]} 35. Ne8
{[%clk 0:00:08]} Qg1+ {[%clk 0:00:19]} 36. Kxg1 {[%clk 0:00:07]} Ne2+
{[%clk 0:00:20]} 37. Kf1 {[%clk 0:00:07]} Nxd4 {[%clk 0:00:21]} 38. gxf3
{[%clk 0:00:08]} Nc2 {[%clk 0:00:21]} 39. Ke2 {[%clk 0:00:07]} Nxb4
{[%clk 0:00:21]} 40. Ke3 {[%clk 0:00:08]} c5 {[%clk 0:00:22]} 41. Nc7
{[%clk 0:00:08]} Nc6 {[%clk 0:00:23]} 42. Nxa6 {[%clk 0:00:09]} c4
{[%clk 0:00:23]} 43. Nc7 {[%clk 0:00:07]} Nxa5 {[%clk 0:00:23]} 44. Kd4
{[%clk 0:00:09]} g5 {[%clk 0:00:21]} 45. hxg5 {[%clk 0:00:10]} h5
{[%clk 0:00:23]} 46. Nd5 {[%clk 0:00:05]} Kg6 {[%clk 0:00:24]} 47. f4
{[%clk 0:00:05]} h4 {[%clk 0:00:25]} 48. Ne3 {[%clk 0:00:06]} h3 {[%clk 0:00:25]}
49. Nf1 {[%clk 0:00:07]} Kf5 {[%clk 0:00:26]} 50. Ke3 {[%clk 0:00:09]} Nb3
{[%clk 0:00:25]} 51. f3 {[%clk 0:00:09]} c3 52. Ng3+ Ke6 53. Kd3 Nd4
{[%clk 0:00:18]} 54. Kxc3 {[%clk 0:00:12]} Nxf3 {[%clk 0:00:17]} 55. Kd3
{[%clk 0:00:13]} Kd5 {[%clk 0:00:13]} 56. Ke3 {[%clk 0:00:14]} Nd4
{[%clk 0:00:14]} 57. Kf2 {[%clk 0:00:08]} Ne6 {[%clk 0:00:10]} 58. Nh5
{[%clk 0:00:05]} g6 {[%clk 0:00:09]} 59. Nf6+ {[%clk 0:00:06]} Kd4
{[%clk 0:00:10]} 60. Kg3 {[%clk 0:00:08]} Nxf4 {[%clk 0:00:08]} 61. Ng4
{[%clk 0:00:04]} Ke4 {[%clk 0:00:08]} 62. Nf2+ {[%clk 0:00:05]} Kf5
{[%clk 0:00:10]} 63. Nxh3 {[%clk 0:00:07]} Nxh3 {[%clk 0:00:10]} 64. Kxh3
{[%clk 0:00:08]} Kf4 65. Kh4 Kf3 {[%clk 0:00:09]} 66. Kh3 {[%clk 0:00:11]} Kf4
{[%clk 0:00:10]} 67. Kh4 {[%clk 0:00:13]} Ke5 1/2-1/2

[Event "Team Championship (men blitz)"]
[Site "Sochi"]
[Date "2017.10.05"]
[Round "2.25"]
[White "Pogromsky, Mikhail"]
[Black "Kryakvin, Dmitry"]
[Result "1/2-1/2"]
[LiveChessVersion "1.4.8"]
[BlackElo "2483"]
[WhiteElo "2450"]

1. Nf3 {[%clk 0:03:01]} Nf6 {[%clk 0:03:04]} 2. c4 {[%clk 0:03:02]} g6
{[%clk 0:03:04]} 3. Nc3 {[%clk 0:03:03]} Bg7 {[%clk 0:03:05]} 4. d4
{[%clk 0:03:04]} O-O {[%clk 0:03:06]} 5. h3 {[%clk 0:03:05]} c5 {[%clk 0:03:06]}
6. d5 {[%clk 0:03:06]} d6 {[%clk 0:03:06]} 7. e4 {[%clk 0:03:04]} e6
{[%clk 0:03:01]} 8. Be2 {[%clk 0:03:06]} exd5 {[%clk 0:03:01]} 9. exd5
{[%clk 0:03:06]} Bf5 {[%clk 0:03:00]} 10. O-O {[%clk 0:02:59]} Ne4
{[%clk 0:03:01]} 11. Nxe4 {[%clk 0:02:56]} Bxe4 {[%clk 0:02:57]} 12. Bd3
{[%clk 0:02:56]} Bxf3 {[%clk 0:02:57]} 13. Bd2 {[%clk 0:02:43]} f5
{[%clk 0:02:35]} 14. Qc2 Bd4 {[%clk 0:02:32]} 15. Rae1 {[%clk 0:02:37]} Qf6
{[%clk 0:02:30]} 16. b3 {[%clk 0:02:37]} Qe7 {[%clk 0:02:27]} 1/2-1/2

[Event "Team Championship (men blitz)"]
[Site "Sochi"]
[Date "2017.10.05"]
[Round "2.26"]
[White "Gluhovsky, Mark"]
[Black "Vokarev, Sergey"]
[Result "1-0"]
[LiveChessVersion "1.4.8"]
[BlackElo "2427"]
[WhiteElo "2260"]

1. e4 {[%clk 0:03:03]} c5 {[%clk 0:03:03]} 2. Nf3 {[%clk 0:03:03]} Nc6
{[%clk 0:03:04]} 3. Bb5 {[%clk 0:03:04]} g6 {[%clk 0:03:05]} 4. O-O
{[%clk 0:03:03]} Bg7 {[%clk 0:03:07]} 5. c3 {[%clk 0:03:04]} Nf6 {[%clk 0:03:07]}
6. d4 {[%clk 0:03:05]} Nxe4 {[%clk 0:03:05]} 7. d5 {[%clk 0:02:59]} Nd6
{[%clk 0:03:06]} 8. Bd3 {[%clk 0:02:49]} Ne5 {[%clk 0:03:06]} 9. Nxe5
{[%clk 0:02:45]} Bxe5 {[%clk 0:03:06]} 10. Bh6 {[%clk 0:02:44]} c4
{[%clk 0:02:49]} 11. Re1 {[%clk 0:02:30]} Bf6 {[%clk 0:02:35]} 12. Bc2
{[%clk 0:02:28]} Qb6 {[%clk 0:01:35]} 13. Qe2 {[%clk 0:02:08]} Kd8
{[%clk 0:01:27]} 14. Nd2 {[%clk 0:01:48]} Qc5 {[%clk 0:01:23]} 15. Ne4
{[%clk 0:01:37]} Nxe4 {[%clk 0:01:21]} 16. Bxe4 {[%clk 0:01:33]} d6
{[%clk 0:00:37]} 17. Bf3 {[%clk 0:01:34]} Kc7 {[%clk 0:00:27]} 18. b4
{[%clk 0:01:24]} cxb3 {[%clk 0:00:23]} 19. axb3 {[%clk 0:01:25]} Kb8
{[%clk 0:00:12]} 20. Rec1 {[%clk 0:01:13]} Bd7 {[%clk 0:00:11]} 21. Be3
{[%clk 0:01:12]} Qc7 {[%clk 0:00:10]} 22. Bd4 {[%clk 0:01:03]} Re8
{[%clk 0:00:07]} 23. Qe3 {[%clk 0:00:57]} a6 {[%clk 0:00:05]} 24. Bb6
{[%clk 0:00:54]} Qc8 {[%clk 0:00:05]} 25. Rab1 {[%clk 0:00:45]} h5
{[%clk 0:00:06]} 26. h3 {[%clk 0:00:45]} e5 {[%clk 0:00:05]} 27. c4
{[%clk 0:00:36]} Bd8 {[%clk 0:00:05]} 28. c5 {[%clk 0:00:36]} Bxb6
{[%clk 0:00:05]} 29. cxb6 {[%clk 0:00:37]} Qd8 {[%clk 0:00:06]} 30. Rc7 f5
{[%clk 0:00:05]} 31. Qh6 {[%clk 0:00:33]} e4 {[%clk 0:00:03]} 32. Be2
{[%clk 0:00:31]} Rg8 {[%clk 0:00:03]} 33. Rbc1 {[%clk 0:00:31]} Qe8
{[%clk 0:00:04]} 34. Qh7 {[%clk 0:00:31]} Rf8 {[%clk 0:00:04]} 35. Rxd7
{[%clk 0:00:30]} Rh8 1-0

[Event "Team Championship (men blitz)"]
[Site "Sochi"]
[Date "2017.10.05"]
[Round "2.27"]
[White "Kozlov, Oleg"]
[Black "Popov, Mikhail"]
[Result "1-0"]
[LiveChessVersion "1.4.8"]
[BlackElo "2428"]
[WhiteElo "2286"]

1. c4 {[%clk 0:03:03]} Nf6 {[%clk 0:03:03]} 2. g3 {[%clk 0:03:04]} g6
{[%clk 0:03:04]} 3. Bg2 {[%clk 0:03:05]} Bg7 {[%clk 0:03:05]} 4. d4
{[%clk 0:03:04]} d6 {[%clk 0:03:06]} 5. Nf3 {[%clk 0:03:05]} O-O {[%clk 0:03:07]}
6. O-O {[%clk 0:03:03]} c5 {[%clk 0:03:08]} 7. b3 {[%clk 0:03:02]} e5
{[%clk 0:02:30]} 8. dxc5 {[%clk 0:02:55]} dxc5 {[%clk 0:02:25]} 9. Bb2
{[%clk 0:02:49]} e4 {[%clk 0:02:16]} 10. Qxd8 {[%clk 0:01:54]} Rxd8
{[%clk 0:02:17]} 11. Ne1 {[%clk 0:01:55]} Nc6 {[%clk 0:02:06]} 12. Nc2
{[%clk 0:01:56]} Nd4 {[%clk 0:01:44]} 13. Nxd4 {[%clk 0:01:51]} cxd4
{[%clk 0:01:46]} 14. Na3 {[%clk 0:00:53]} Bg4 {[%clk 0:01:30]} 15. f3
{[%clk 0:00:54]} exf3 {[%clk 0:01:30]} 16. exf3 {[%clk 0:00:55]} Bf5
{[%clk 0:01:30]} 17. Rad1 {[%clk 0:00:55]} d3 {[%clk 0:01:15]} 18. g4
{[%clk 0:00:45]} Be6 {[%clk 0:01:12]} 19. h3 {[%clk 0:00:46]} a6 {[%clk 0:00:53]}
20. f4 {[%clk 0:00:43]} Rab8 {[%clk 0:00:53]} 21. Be5 {[%clk 0:00:37]} Rbc8
{[%clk 0:00:15]} 22. Bxb7 {[%clk 0:00:34]} Rc5 {[%clk 0:00:17]} 23. Bg2
{[%clk 0:00:26]} Ra5 {[%clk 0:00:17]} 24. Bc7 {[%clk 0:00:27]} Rxa3
{[%clk 0:00:14]} 25. Bxd8 {[%clk 0:00:28]} Rxa2 {[%clk 0:00:06]} 26. Rxd3
{[%clk 0:00:30]} h5 {[%clk 0:00:04]} 27. f5 {[%clk 0:00:25]} Bc8 {[%clk 0:00:04]}
28. Bxf6 {[%clk 0:00:25]} Bxf6 {[%clk 0:00:05]} 29. fxg6 {[%clk 0:00:25]} Bg5
{[%clk 0:00:04]} 30. gxf7+ {[%clk 0:00:26]} Kf8 31. gxh5 {[%clk 0:00:24]} Be6
{[%clk 0:00:04]} 32. Rg3 {[%clk 0:00:22]} Bh6 {[%clk 0:00:03]} 33. Rg8+ Ke7 34.
Re8+ {[%clk 0:00:22]} Kd7 {[%clk 0:00:06]} 35. Rxe6 {[%clk 0:00:19]} Kxe6
{[%clk 0:00:06]} 36. f8=Q {[%clk 0:00:20]} Bxf8 {[%clk 0:00:08]} 37. Rxf8
{[%clk 0:00:21]} Kd5 1-0

[Event "Team Championship (men blitz)"]
[Site "Sochi"]
[Date "2017.10.05"]
[Round "2.28"]
[White "Barskij, Vladimir"]
[Black "Ozgibcev, Anatoly"]
[Result "0-1"]
[LiveChessVersion "1.4.8"]
[BlackElo "2354"]
[WhiteElo "2255"]

1. e4 {[%clk 0:03:03]} e5 {[%clk 0:03:03]} 2. Nc3 {[%clk 0:03:03]} Nf6
{[%clk 0:03:03]} 3. f4 {[%clk 0:03:04]} d5 {[%clk 0:03:01]} 4. fxe5
{[%clk 0:03:05]} Nxe4 {[%clk 0:03:01]} 5. Qf3 {[%clk 0:03:05]} f5
{[%clk 0:02:48]} 6. d3 {[%clk 0:03:00]} Nxc3 {[%clk 0:02:43]} 7. bxc3
{[%clk 0:03:00]} c5 {[%clk 0:02:32]} 8. Qg3 {[%clk 0:02:12]} Nc6 {[%clk 0:01:48]}
9. Nf3 {[%clk 0:02:12]} g6 {[%clk 0:01:49]} 10. Be2 {[%clk 0:02:12]} Bg7
{[%clk 0:01:49]} 11. O-O {[%clk 0:02:01]} O-O {[%clk 0:01:50]} 12. d4
{[%clk 0:01:57]} Re8 {[%clk 0:01:45]} 13. a4 {[%clk 0:01:49]} Qb6
{[%clk 0:01:36]} 14. Be3 {[%clk 0:01:33]} Qa5 {[%clk 0:01:34]} 15. Bd2
{[%clk 0:01:27]} Qb6 {[%clk 0:01:34]} 16. Be3 {[%clk 0:01:28]} Qa5
{[%clk 0:01:34]} 17. Bd2 {[%clk 0:01:29]} Qc7 {[%clk 0:01:24]} 18. h4
{[%clk 0:01:05]} Be6 {[%clk 0:01:16]} 19. h5 {[%clk 0:01:05]} Bf7
{[%clk 0:01:17]} 20. hxg6 {[%clk 0:01:01]} Bxg6 {[%clk 0:01:14]} 21. Be3
{[%clk 0:00:55]} Qa5 {[%clk 0:01:15]} 22. Ra3 {[%clk 0:00:52]} Rac8
{[%clk 0:01:09]} 23. Nh4 {[%clk 0:00:53]} Ne7 {[%clk 0:01:07]} 24. Bg5
{[%clk 0:00:52]} Qb6 {[%clk 0:01:05]} 25. Bxe7 Rxe7 26. Nxf5 {[%clk 0:00:52]}
Bxf5 {[%clk 0:01:04]} 27. Rxf5 {[%clk 0:00:52]} cxd4 {[%clk 0:01:05]} 28. a5
{[%clk 0:00:35]} Qc5 {[%clk 0:01:04]} 29. cxd4 {[%clk 0:00:33]} Qxd4+
{[%clk 0:01:04]} 30. Kh1 {[%clk 0:00:30]} Rxe5 {[%clk 0:00:51]} 31. Rd3
{[%clk 0:00:27]} Qa1+ 32. Rd1 Qb2 {[%clk 0:00:41]} 33. Rf3 {[%clk 0:00:25]} Rxe2
{[%clk 0:00:38]} 34. Rdf1 {[%clk 0:00:22]} Qe5 {[%clk 0:00:34]} 35. Qg4
{[%clk 0:00:23]} Re8 {[%clk 0:00:32]} 36. Rf7 {[%clk 0:00:23]} Re4
{[%clk 0:00:31]} 37. Qd7 {[%clk 0:00:23]} Rh4+ {[%clk 0:00:31]} 38. Kg1
{[%clk 0:00:23]} Qh2+ {[%clk 0:00:31]} 39. Kf2 {[%clk 0:00:23]} Rf4+
{[%clk 0:00:32]} 40. Rxf4 {[%clk 0:00:21]} Qxf4+ {[%clk 0:00:33]} 41. Kg1
{[%clk 0:00:22]} Bd4+ {[%clk 0:00:33]} 42. Kh2 {[%clk 0:00:22]} 0-1